Palabras contra el viento : literatura bahiense en las escuelas /

Guardado en:
Autor Principal: Cantamutto, Lucía ; coord.
Otros Autores: Negrin, Marta; coord.
Formato: Libro
Publicado: Bahía Blanca : Ediuns, 2014
Series:Extensión. Creación Literaria
Materias:
Etiquetas: Agregar Etiqueta
Sin Etiquetas, Sea el primero en etiquetar este registro!
LEADER 01849nam a22002775a 4500
001 CEM.cems014583
008 130507s2014##################000#0#####d
005 20250428201016.0
245 1 0 |a Palabras contra el viento :  |b literatura bahiense en las escuelas /  |c Malena Alvarez ... y Otros; coordinado Por Lucía Cantamutto y Marta Negrin 
260 |a Bahía Blanca :  |b Ediuns,  |c 2014 
300 |a 170 p. 
490 0 |a Extensión. Creación Literaria 
505 0 |a Croquis / Valeria Tentoni -- Introducción / Marta Negrin -- Un pedazo de barrio, allá en ... / Nicolás Fernández Vicente -- Espacio público y poesía / Ana Paula tellería y Vanesa Quinteros -- Detrás del alambrado / Ana Eugenia Sanna Díaz y Malena Alvarez -- Otros apuntes sobre el fútbol de las letras / Maria Alexandra Continanzia, Victor D´Amato y Carolina Lorenzón -- El almacén de juguetes / Antonela Dambrosio, Nadia Guzmán y Verónica Sánchez -- ¿Ysi hacemos un poema? / Agustín Hernandorena -- Todo lo que (no) pasa también en Bahía / Susana Fredotovich y Silvana Gardié -- Literatura digital, escritura 2.0: las pantallas en el aula / Lucía Cantamutto -- Poesías bahienses en loop / Maria Agustina Arias -- Epílogo: pequeñas alterbiografías / Lucía Cantamutto 
020 |a 9789871907984 
100 1 |a Cantamutto, Lucía ; coord. 
700 1 |a Negrin, Marta; coord. 
082 0 4 |a A864.4 
653 |a Literatura 
653 |a Literatura bahiense 
653 |a Relatos 
653 |a Poesía 
859 |a CEMS  |b BIB. CEMS - 11 de abril  |h A864.4  |i C166  |p 27146.15  |t Ej.1 
859 |a CEMS  |b BIB. CEMS - 11 de abril  |h A864.4  |i C166  |p 27242.15  |t Ej.2 
859 |a CEMS  |b BIB. CEMS - 11 de abril  |h A864.4  |i C166  |p 27243.15  |t Ej.3 
859 |a CEMS  |b BIB. CEMS - 11 de abril  |h A864.4  |i C166  |p 27244.15  |t Ej.4 
859 |a CEMS  |b BIB. CEMS - 11 de abril  |h A864.4  |i C166  |p 29852.25  |t Ej.5